| 000 | 00414nam a22001577a 4500 | ||
|---|---|---|---|
| 003 | OSt | ||
| 005 | 20220107122822.0 | ||
| 008 | 161020b xxu||||| |||| 00| 0 eng d | ||
| 040 | _cIIITMK | ||
| 100 |
_aReshma M (93615029) _910972 |
||
| 245 | _aE learning course for password security | ||
| 300 | _aCSIS - Mini Project | ||
| 650 |
_aNETWORK SECURITY _911408 |
||
| 650 |
_aPASSWORD SECURITY _911409 |
||
| 942 |
_2ddc _cPR |
||
| 999 |
_c5474 _d5474 |
||